000 00463nam a22001937a 4500
003 MPLRDC
005 20220104113854.0
008 210129b ||||| |||| 00| 0 eng d
020 _a957-9525-49-8
082 _a848.2 YGZ-7
100 _a余光中著
245 _a紫荆赋
_c
250 _a初版
260 _a
_b洪范书店有限公司
_c1986
300 _b
490 _a洪范文学丛书;160
650 _a现代别集
942 _cBK
_o848.2 YGZ-7
999 _c3015
_d3005